000 00749nam a2200253Ia 4500
005 20250425161805.0
008 250425s9999 xx 000 0 und d
020 _a8448112512
041 _aspa
043 _asp
082 _a333.7
_pCAN
100 _aCanter, Larry W.
245 0 _aManual de Evaluación de Impacto Ambiental: Técnicas para la elaboración de estudios de impacto
_cLarry W. Canter.
250 _a2a. ed.
260 _aMadrid
_bMc Graw Hill
_c1998.
300 _a841 Páginas
500 _aTítulo Traducido: ENVIRONMENTAL IMPACT ASSESSMENT
650 _aImpacto ambiental
650 _aIndicadores ambientales
650 _aMedio ambiente
650 _aPolítica medio ambiental
942 _c01
010 _a29179
999 _c216159
_d216159